Law and social change in the U.S.S.R. (Record no. 367955)

000 -LEADER
fixed length control field 00396cam a22001337a 4500
008 - FIXED-LENGTH DATA ELEMENTS--GENERAL INFORMATION
fixed length control field 180718b1952 xxu||||| |||| 00| 0 eng d
082 ## - DEWEY DECIMAL CLASSIFICATION NUMBER
Classification number G93x47 H336
100 ## - MAIN ENTRY--PERSONAL NAME
Personal name Hazard, John N.
245 ## - TITLE STATEMENT
Title Law and social change in the U.S.S.R.
Statement of responsibility, etc. by John N. Hazard
260 ## - PUBLICATION, DISTRIBUTION, ETC.
Place of publication, distribution, etc. London
Name of publisher, distributor, etc. Stevens
Date of publication, distribution, etc. 1952
300 ## - PHYSICAL DESCRIPTION
Extent 310p.
650 ## - SUBJECT ADDED ENTRY--TOPICAL TERM
Topical term or geographic name entry element Soviet Union --Social conditions
650 ## - SUBJECT ADDED ENTRY--TOPICAL TERM
Topical term or geographic name entry element Law --Soviet Union --History
Holdings
Withdrawn status Lost status Damaged status Not for loan Permanent Location Current Location Date acquired Full call number Barcode Date last seen Price effective from Koha item type
        Indian Institute of Public Administration Indian Institute of Public Administration 2009-11-16 G93x47 H336 7964 2018-07-21 2018-07-21 Book
        Indian Institute of Public Administration Indian Institute of Public Administration 1994-05-18 G93x47 H336 4447 2018-07-21 2018-07-21 Book

Powered by Koha